All European Countries by Population - Statistics

General Stats
  • This quiz has been taken 165 times
  • The average score is 21 of 51
Answer Stats
Answer % Correct
143,997,393 Russia
100%
47,889,958 Spain
93%
69,551,332 United Kingdom
93%
66,650,804 France
91%
59,146,260 Italy
91%
84,075,074 Germany
90%
87,685,426 Turkey
89%
38,140,910 Poland
83%
38,980,376 Ukraine
80%
18,908,650 Romania
61%
18,346,819 Netherlands
59%
764 Vatican City
56%
33,572 San Marino
54%
10,656,633 Sweden
53%
40,128 Liechtenstein
50%
10,411,834 Portugal
50%
11,758,603 Belgium
49%
38,341 Monaco
49%
10,609,240 Czech Republic
48%
82,904 Andorra
45%
9,938,844 Greece
43%
545,405 Malta
40%
9,113,574 Austria
35%
9,632,287 Hungary
35%
398,266 Iceland
35%
6,714,560 Bulgaria
33%
8,997,603 Belarus
31%
632,729 Montenegro
31%
8,967,408 Switzerland
31%
680,454 Luxembourg
30%
6,689,039 Serbia
30%
5,623,330 Finland
26%
5,623,071 Norway
26%
3,848,160 Croatia
24%
6,002,507 Denmark
23%
5,308,039 Ireland
23%
20,843,754 Kazakhstan
23%
1,674,125 Kosovo
21%
5,474,881 Slovakia
21%
1,344,232 Estonia
19%
10,397,713 Azerbaijan
15%
1,370,754 Cyprus
14%
1,853,559 Latvia
14%
2,117,072 Slovenia
14%
2,771,508 Albania
13%
2,830,144 Lithuania
13%
1,813,791 North Macedonia
13%
3,140,096 Bosnia and Herzegovina
11%
2,952,364 Armenia
6%
3,806,671 Georgia
6%
2,996,106 Moldova
6%
No matching quizzes found
Score Distribution
Percent of People with Each Score
Percentile by Number Answered
Your Score History
You have not taken this quiz